| 000 | 01195nem0a2200313 4500 | ||
|---|---|---|---|
| 001 | RU\NLR\cart\4706 | ||
| 005 | 20250617204224.0 | ||
| 010 | _a978-5-8213-0340-0 | ||
| 035 | _a(NLR Aleph) 004274811 | ||
| 090 |
_a2296972 _c2296972 |
||
| 100 | _a20071226d2007 |||y0rusy50 ca | ||
| 101 | 0 | _arus | |
| 102 | _aRU | ||
| 120 | _abyy xx|| | ||
| 123 | 3 |
_aa _b120 000 000 _b130 000 |
|
| 200 | 1 |
_aИстория России. ХХ - начало ХХI века _eАтлас _e9 кл. _bКарты _fПодгот. к изд. ООО "Дрофа" и ООО "Изд-во ДИК" _gОтв. ред. М.А. Талонкин |
|
| 205 | _a10-е изд., испр. | ||
| 206 | _aМ-бы разные | ||
| 210 |
_aМосква _cДрофа _cИзд-во ДИК _d2007 |
||
| 215 |
_a1 атл. (32 с.) _cцв., ил. _d29х22 см |
||
| 509 | 0 | 1 |
_7ca _aРоссия _92633381 _3RU\NLR\auth_crt\55199 |
| 606 | 0 |
_aИстории СССР и России атласы _xОбщие _92178247 _3RU\NLR\auth_crt\66236 |
|
| 620 | _aРоссия | ||
| 702 | 1 |
_aТалонкин _bМ. А. _4340 |
|
| 801 | 0 |
_aRU _bNLR _c20071226 _gPSBO |
|
| 852 |
_aNLR _bК _j4-Союз 6/4410 _m07-142 |
||
| 942 | _cMAP | ||
| 980 | _aNB | ||